Intermediate Algebra

Bibliographic Details
Main Author: Bittinger, Marvin L.
Format: Section = Libro
Language:Undetermined
Spanish
Published: Boston Addison/Wesley 2003
Edition:9a.ed.
Subjects:
LEADER 00560nam a2200229Ia 4500
008 240829s9999 xx 000 0 und d
020 |a 0-201-79174-9 
040 |a BIBLIOTECA-RUSB/ 512.9 B624 
041 |a spa 
082 |a 512.9 B624 
100 1 |a Bittinger, Marvin L. 
245 1 0 |a Intermediate Algebra 
250 |a 9a.ed. 
260 |a Boston  |b Addison/Wesley  |c 2003 
300 |a 918 p. :il. 
650 7 |a ALGEBRA 
650 7 |b  ECUACIONES 
650 7 |c  DESIGUALDADES MATEMATICAS 
650 7 |d  POLINOMIOS 
942 |c BK  |2 ddc 
991 |a TEXTO 
999 |c 1486